000 00329nam a22001337a 4500
008 171003b xxu||||| |||| 00| 0 eng d
020 _a9780195173642
041 _aeng
080 _a159.9
100 _a48
101 _aPSI
245 _aTREATING AND PREVENTING ADOLESCENT MENTAL HEALTH DISORDERS
_cEVANS,D.L
942 _2udc
_cBK
999 _c31336
_d31336